000 01627cam a2200145 4500500
005 20260405085545.0
041 _afre
042 _adc
100 1 0 _aBerstein, Serge
_eauthor
700 1 0 _aMilza, Pierre
_eauthor
245 0 0 _aL'Allemagne de 1870 à nos jours
260 _bArmand Colin,
_c2014.
520 _aLe 3 octobre 1990, une série de cérémonies solennelles célébrait la réunification de l’Allemagne. Épilogue d’une histoire agitée et grandiose que retrace le présent ouvrage, l’événement ne prend sa véritable signification que replacé dans la perspective d’une évolution qui naît à la fin du XVIIIe siècle avec la prise de conscience du sentiment national allemand. L’affirmation de celui-ci passe par la réalisation d’une unité qui se fera « par le fer par le feu », par le drame apocalyptique de deux guerres mondiales dans lesquelles l’État allemand porte une lourde responsabilité, puis par l’effondrement, en 1945, d’un pays pratiquement rayé de la carte et qui vit alors son « année zéro », avant que ne renaissent deux États allemands qui paraissent s’orienter vers des destins séparés. Mais l’histoire contemporaine de la nation allemande est aussi celle d’une remarquable réussite économique, de l’apprentissage, parfois douloureux, de la démocratie et de l’ouverture à l’Europe, chemins d’une réunification qui fait de la République fédérale le centre de gravité et la première puissance du continent.
856 4 1 _uhttps://shs.cairn.info/l-allemagne-de-1870-a-nos-jours--9782200285050?lang=fr&redirect-ssocas=7080
999 _c2198509
_d2198509